Stavební materiály historických objektů

Saved in:
Bibliographic Details
Main Authors: Kotlík, Petr (Author), kol (Author)
Format: Book
Language:Czech
Published: Praha : Vysoká škola chemicko-technologická v Praze, 2007
Edition:1.vyd.dotlač
Tags: Add Tag
No Tags, Be the first to tag this record!

MARC

LEADER 00000nam a22000003a 4500
001 stu219551
005 20150617230120.2
008 101216s2007----xr------------------cze-d
020 |a 978-80-7080-347-9 
040 |a STU  |b slo 
041 0 |a cze 
044 |a xr 
100 1 |a Kotlík, Petr  |4 aut 
245 1 |a Stavební materiály historických objektů 
250 |a 1.vyd.dotlač 
260 |a Praha :  |b Vysoká škola chemicko-technologická v Praze,  |c 2007 
300 |a 112 s 
700 1 |a kol.  |4 aut 
996 |c V*50878/O-22747  |l VV15  |s P  |a 0  |w stu219551_0001